| 000 | 00365nam a22001217a 4500 | ||
|---|---|---|---|
| 008 | 230620b xxu||||| |||| 00| 0 eng d | ||
| 082 |
_a324.9595 _bCOM |
||
| 110 | _bCommonwealth Secretariat | ||
| 245 |
_aThe National Assembly Election in Pakistan _bThe Report of the commonwealth group |
||
| 260 |
_bCommonwealth secretariat _c1993 |
||
| 300 | _a64p | ||
| 942 |
_2ddc _cBK |
||
| 999 |
_c1933 _d1933 |
||